Tallest Mountains in the World - Statistics

General Stats
  • This quiz has been taken 37 times
  • The average score is 5 of 26
Answer Stats
Height Name % Correct
8849M (29032ft) Mount Everest
100%
8611M (28251ft) K2
92%
8586M (28169ft) Kangchenjunga
46%
8485M (27838ft) Makalu
31%
8091M (26545ft) Annapurna I
23%
7937M (26040ft) Annapurna II
19%
8188M (26864ft) Cho Oyu
19%
8126M (26660ft) Nanga Parbat
19%
8163M (26781ft) Manaslu
15%
8051M (26414ft) Broad Peak
12%
8080M (26510ft) Gasherbrum I
12%
8167M (26795ft) Dhaulagiri I
8%
8035M (26362ft) Gasherbrum II
8%
7946M (26070ft) Gasherbrum III
8%
8027M (26335ft) Shishapangma
8%
7884M (25866ft) Distaghil Sar
4%
7932M (26024ft) Gasherbrum IV
4%
7952M (26089ft) Gyachung Kang
4%
7893M (25896ft) Himalchuli
4%
8516M (27940ft) Lhoste
4%
7821M (25659ft) Masherbrum
4%
7871M (25823ft) Ngadi Chuli
4%
7864M (25801ft) Nuptse
4%
7804M (25604ft) Chomo Lonzo
0%
7823M (25666ft) Khunyang Chhish
0%
7817M (25646ft) Nanda Devi
0%
No matching quizzes found
Score Distribution
Percent of People with Each Score
Percentile by Number Answered
Your Score History
You have not taken this quiz